003300000a22001090004500090001700000245005800017041001400075100003800089942001300127773006300140999001700203 aASbSeriadas10aNotas aclaratorias sobre Pteroglossus didymus sclater0 aEspañol1 aBorrero H., José Ignacio996971 cARTICULO1 tLozania: Acta Zoológica Colombiana3375h11q15-23d1959 c15161d15161